Statistics for Airlines That Serve San Jose (SJC)

Click here to take the quiz!

General Stats

  • This quiz has been taken 20 times
  • The average score is 9 of 16

Answer Stats

CountryAnswer% Correct
CanadaAir Canada
93%
USAAmerican Airlines
80%
UKBritish Airways
73%
USASouthwest Airlines
73%
USAAlaska Airlines
67%
USADelta Air Lines
67%
USAUnited Airlines
67%
JapanAll Nippon Airways
60%
USAFrontier Airlines
60%
USAJetBlue
60%
MexicoVolaris
53%
USAHawaiian Airlines
47%
USAAmerican Eagle
33%
USAUnited Express
33%
CanadaAir Canada Express
27%
USADelta Connection
27%

Score Distribution

Percentile by Number Answered

Percent of People with Each Score

Your Score History

You have not taken this quiz